Green Bay Packers Quiz - Statistics

General Stats
  • This quiz has been taken 118 times
  • The average score is 10 of 15
Answer Stats
Question Answer % Correct
What is the Packers biggest Rival? Bears
100%
Who has the Most Super Bowl's as a Packers QB? Starr
100%
Who has thrown the most INT's as a Packer QB? Farve
90%
Who leads the Packers in all time Passing TD's Rodgers
90%
What is the Packers nickname? Title Town
90%
Where do they rank in all time wins? 1st
70%
What Year did Rodgers replace Farve? 2008
70%
Most rushing yards? Ahman Green
70%
What is Brady's record against Rodgers? 3-2
60%
Who is the Greatest Packer of all time? Rodgers
60%
Before the "Super Bowl" was a thing how many champions did the packers win? 13
50%
All time sack leader? Clay Matthews
50%
Most receiving Yards? Driver
40%
Who leads the Packers in all time Passing yards? Farve
40%
Who has the best wining percentage as a Packer QB? Doug Pederson
0%
No matching quizzes found
Score Distribution
Percent of People with Each Score
Percentile by Number Answered
Your Score History
You have not taken this quiz